000 00538cam a22001931 4500
001 af 48001451
003 DLC
005 20260227110849.0
008 890509s1943 gw 000 1 ger c
010 _aaf 48001451
035 _a(OCoLC)19682660
040 _aYale Univ. Library
_cCU
_dDLC
042 _apremarc
050 0 0 _aPT2625.A315
_bE5
100 1 _aMäuser, Albertine,
_d1891-
245 1 4 _aDer einsame Wanderer;
_bNovellen.
260 _aMünster (Westf.)
_bRegensbergsche Verlagsbuchhandlung
_c[1943]
300 _a104 p.
_c19 cm.
999 _c4537
_d4537